书目信息 |
| 题名: |
梦溪笔谈
|
|
| 作者: | 沈括 撰 | |
| 分册: | ||
| 出版信息: | 北京 团结出版社 1996.12 |
|
| 页数: | 395页 | |
| 开本: | 32开 | |
| 丛书名: | ||
| 单 册: | ||
| 中图分类: | Z429.441 | |
| 科图分类: | ||
| 主题词: | 文集--中国 , 全集--中国 , 选集--中国 | |
| 电子资源: | ||
| ISBN: | 7-80130-018-1 | |
| 000 | 00579nam0 2200217 45 | |
| 001 | 0199008134 | |
| 005 | 20080918154418.59 | |
| 010 | @a7-80130-018-1@d17.80元 | |
| 100 | @a19990804d km y0chiy0120 ea | |
| 101 | 0 | @achi |
| 105 | @a z 000yy | |
| 200 | 1 | @AMENG XI BI TAN@F(song)shen kuo zhuan@a梦溪笔谈@f(宋) 沈括撰 |
| 210 | @a北京@c团结出版社@d1996.12 | |
| 215 | @a395页@c无图表@d32开 | |
| 606 | 0 | @a文集@x中国 |
| 606 | 0 | @a全集@x中国 |
| 606 | 0 | @a选集@x中国 |
| 690 | @aZ429.441@v4 | |
| 701 | 0 | @a沈括@Ashen kuo@4撰 |
| 801 | 0 | @c20080918 |
| 905 | @dZ429.441@eS3966@f2 | |
| 梦溪笔谈/(宋) 沈括撰.-北京:团结出版社,1996.12 |
| 395页:无图表;32开 |
| ISBN 7-80130-018-1:17.80元 |
| ● |
| 相关链接 |
|
|
|
正题名:梦溪笔谈
索取号:Z429.441/S3966
 
预约/预借
| 序号 | 登录号 | 条形码 | 馆藏地/架位号 | 状态 | 备注 |
| 1 | 32696 | 200283095 | 自科库501/504自科库 47排2列4层/ [索取号:Z429.441/S3966] | 在馆 | |
| 2 | 32697 | 200282577 | 自科库501/501自科库 131排2列1层/ [索取号:Z429.441/S3966] | 在馆 |